ARRUPE JESUIT UNIVERSITY

CORONAVIRUS -STOP THE SPREAD - CLEAN,DISINFECT,COVER

Timaeus and critias (Record no. 123428)

MARC details
000 -LEADER
fixed length control field 00439nam a22001577a 4500
005 - DATE AND TIME OF LATEST TRANSACTION
control field 20170818100328.0
008 - FIXED-LENGTH DATA ELEMENTS--GENERAL INFORMATION
fixed length control field 150921b xxu||||| |||| 00| 0 eng d
050 ## - LIBRARY OF CONGRESS CALL NUMBER
Classification number B387.A5
Item number L477 1971
100 ## - MAIN ENTRY--PERSONAL NAME
Personal name Plato
9 (RLIN) 19964
245 ## - TITLE STATEMENT
Title Timaeus and critias
Statement of responsibility, etc Plato and translated by Desmond Lee
260 ## - PUBLICATION, DISTRIBUTION, ETC. (IMPRINT)
Place of publication, distribution, etc Middlesex
Name of publisher, distributor, etc Penguins
Date of publication, distribution, etc 1971
300 ## - PHYSICAL DESCRIPTION
Extent 167p. ;
Dimensions 19cm.
440 ## - SERIES STATEMENT/ADDED ENTRY--TITLE
Title Penguin classics
9 (RLIN) 19965
700 ## - ADDED ENTRY--PERSONAL NAME
Personal name Lee, Desmond
Relator term tr.
9 (RLIN) 19966
942 ## - ADDED ENTRY ELEMENTS (KOHA)
Source of classification or shelving scheme Library of Congress Classification
Item type Monograph ( Printed materials)
Holdings
Withdrawn status Lost status Source of classification or shelving scheme Damaged status Not for loan Collection code Home library Current library Shelving location Date acquired Total Checkouts Full call number Barcode Date last seen Date last borrowed Price effective from Koha item type Copy number
    Library of Congress Classification     Main Collection ARRUPE LIBRARY ARRUPE LIBRARY Main Collection 21/09/2015 2 B387.A5L477 1971 46500005412 11/09/2017 23/08/2017 21/09/2015 Monograph ( Printed materials)  
    Library of Congress Classification     Main Collection ARRUPE LIBRARY ARRUPE LIBRARY Main Collection 18/08/2017   B387.A5 L477 1971 46500024641 18/08/2017   18/08/2017 Monograph ( Printed materials) 2

 

Arrupe Library. PO Box MP320 Mt Pleasant, Harare, Zimbabwe
263 242 745411|librarian@aju.ac.zw